| 000 | 00977cab a2200253 4500 | ||
|---|---|---|---|
| 001 | ABS56623 | ||
| 008 | 090401t1997 xxu||||| |||| 00| 0 eng d | ||
| 035 | _a(Sirsi) u24894 | ||
| 041 | _aeng | ||
| 100 | _aRaine, D. | ||
| 245 | _aPlanning: breach of notice conditions | ||
| 260 | _c1997 | ||
| 350 | _a0 | ||
| 490 |
_aSolicitors` Journal _v(141) 21 February 1997, 162-163(2) |
||
| 520 | _aLooks at the implications for practitioners of local authorities making increasing use of breach of condition notices authorised by the Town and Country Planning Act 1990 s187A. Outlines the formalities of the section and discusses the various defences available. Case law. | ||
| 650 | _aBREACH OF CONDITION NOTICES | ||
| 650 | _aHARBOROUGH DC V WHEATCROFT AND SONS LTD | ||
| 650 | _aLOCAL AUTHORITIES | ||
| 650 | _aPLANNING PERMISSION | ||
| 650 | _aTOWN AND COUNTRY PLANNING ACT 1990 S187(A) | ||
| 690 | _aPLANNING LAW AND PRACTICE | ||
| 942 | _n0 | ||
| 948 | _c04/03/1997 | ||
| 999 |
_c16698 _d16698 |
||